Statistics for Disney Princesses by Picture Clue

Click here to take the quiz!

General Stats

  • This quiz has been taken 1,575 times
  • The average score is 13 of 15

Answer Stats

Answer% Correct
Cinderella
98%
Snow White
97%
Elsa
96%
Ariel
94%
Aurora
94%
Belle
93%
Mulan
93%
Jasmine
91%
Tiana
91%
Anna
86%
Merida
86%
Pocahontas
86%
Rapunzel
86%
Moana
70%
Alice
69%

Score Distribution

Percentile by Number Answered

Percent of People with Each Score

Your Score History

You have not taken this quiz